| 000 | 00680nas a2200241 4500 | ||
|---|---|---|---|
| 001 | BR9901498 | ||
| 003 | BR-BrBNA | ||
| 005 | 20231205101329.0 | ||
| 007 | ta | ||
| 008 | 230509b bl.|||p| |||| 00| 00por d | ||
| 040 |
_aBR-BrBNA _bpor _cBiblioteca Nacional de Agricultura |
||
| 041 | _a(Pt) | ||
| 072 | _aL73 | ||
| 100 | 1 | _aFayet, G. | |
| 245 | 1 | _aProfilaxia das doencas respiratorias em equino | |
| 650 | _aEquino | ||
| 650 | _aDoenca Respiratoria | ||
| 650 | _aProfilaxia | ||
| 650 | _aVirus | ||
| 773 | 0 |
_tHora Veterinaria (Brazil) _xISSN 0101-9163 _g(Nov-Dec 1999), v. 18(107) p. 55-60 _wBR9901498 |
|
| 909 |
_a202311 _bLúcia _c55 _dLúcia Elande |
||
| 942 |
_2AGRIS _n0 _cANA |
||
| 999 |
_c161176 _d161176 |
||